AH International Schools' Libraries

Earth, sun, moon and stars (KHMER) / (Record no. 49168)

MARC details
000 -LEADER
fixed length control field 00294nam a2200109 4500
020 ## - INTERNATIONAL STANDARD BOOK NUMBER
International Standard Book Number 9789924589457
100 ## - MAIN ENTRY--PERSONAL NAME
Personal name Kim, Channa
9 (RLIN) 86281
245 ## - TITLE STATEMENT
Title Earth, sun, moon and stars (KHMER) /
Statement of responsibility, etc Channa Kim
260 ## - PUBLICATION, DISTRIBUTION, ETC. (IMPRINT)
Place of publication, distribution, etc Cambodia
Name of publisher, distributor, etc Mind Kids
Date of publication, distribution, etc 2024
300 ## - PHYSICAL DESCRIPTION
Extent 32 p.
Other physical details col. ill.
Dimensions 24 cm.
942 ## - ADDED ENTRY ELEMENTS (KOHA)
Source of classification or shelving scheme
Koha item type Book
Holdings
Withdrawn status Lost status Source of classification or shelving scheme Damaged status Not for loan Collection code Home library Current library Shelving location Date acquired Total Checkouts Full call number Barcode Checked out Date last seen Date checked out Price effective from Koha item type
          Siem Riep Asian Hope Early Years Library Asian Hope Early Years Library Easy Reading 08/07/2025 7 KHMER 523.7 KIM 207987 04/21/2026 04/21/2026 04/21/2026 08/07/2025 Book

For any Logos Library related questions please contact Miss Art at swongnarasuk@asianhope.org.

For any Asian Hope Library related questions please contact Miss Raza at graza@asianhope.org.

Click here to explore our ebooks!

Powered by Koha